| 000 | 00422nam a2200169Ia 4500 | ||
|---|---|---|---|
| 003 | 0STCL | ||
| 008 | 150530s9999 xx 000 0 und d | ||
| 040 |
_aSTCL _cSTCL |
||
| 100 | _aSaxena, B.S.; Gupta, R.C.; Saxena, P.N. | ||
| 245 | _aFundamentals of solid state physics | ||
| 250 | _aTenth | ||
| 260 |
_bPragati Prakashan _c1990 |
||
| 546 | _aEnglish | ||
| 942 |
_2ddc _cBK |
||
| 999 |
_c28723 _d28723 |
||
| 005 | 20220125170135.0 | ||